00339nam a2200121Ia 4500008004100000041000800041082001600049100002600065245005000091260004400141300001100185999002100196231228s1994 xx 000 0 und d aeng a658.15bDRE aDREW (Stephen) (A.W.) aBusiness Re-engineering in Financial Services aLondonbPitman Publication Londonc1994 aVI,299 c1085745d1085745